Ч. 3 : О погрешностях маркшейдерских измерений, накоплении и уравновешении погрешностей. Задачи, решаемые по данным съемки: Вып. 1 : Теория ошибок и их уравновешение; Курс маркшейдерского искусства

Dades bibliogràfiques
Parent link:Курс маркшейдерского искусства: [в 3-х частях]/ В. И. Бауман. Ч. 3 : О погрешностях маркшейдерских измерений, накоплении и уравновешении погрешностей. Задачи, решаемые по данным съемки.— , 1905-1908
Sumari:Множественные карандашные пометы на нахзаце и в тексте
Текст в русской дореформенной орфографии
Раздельная пагинация страниц
Idioma:rus
Publicat: 1908
Matèries:
Format: MixedMaterials Llibre
KOHA link:https://koha.lib.tpu.ru/cgi-bin/koha/opac-detail.pl?biblionumber=272030

MARC

LEADER 00000nam2a2200000 4500
001 272030
005 20231101234507.0
035 |a (RuTPU)RU\TPU\book\295235 
035 |a RU\TPU\book\295234 
090 |a 272030 
100 |a 20141014d1908 m y0rusy50 ca 
101 0 |a rus 
102 |a RU 
105 |a af j 001zy 
200 0 |a Ч. 3 : О погрешностях маркшейдерских измерений, накоплении и уравновешении погрешностей. Задачи, решаемые по данным съемки  |e Вып. 1 : Теория ошибок и их уравновешение 
210 |d 1908 
215 |a VI, 180 с.  |c 11 черт. 
300 |a Множественные карандашные пометы на нахзаце и в тексте 
300 |a Текст в русской дореформенной орфографии 
300 |a Раздельная пагинация страниц  
320 |a Библиогр.: с. 168-173 
461 1 |0 (RuTPU)RU\TPU\book\295217  |t Курс маркшейдерского искусства  |o [в 3-х частях]  |f В. И. Бауман  |v Ч. 3 : О погрешностях маркшейдерских измерений, накоплении и уравновешении погрешностей. Задачи, решаемые по данным съемки  |o Вып. 1 : Теория ошибок и их уравновешение  |d 1905-1908 
606 1 |a Черчение маркшейдерское  |2 stltpush  |3 (RuTPU)RU\TPU\subj\18731  |9 44112 
610 1 |a маркшейдерское дело 
610 1 |a маркшейдерское образование 
610 1 |a геодезическая астрономия 
610 1 |a маркшейдерские инструменты 
610 1 |a маркшейдерские задачи 
610 1 |a маркшейдерские замеры 
610 1 |a погрешности измерения 
610 1 |a труды учёных ТПУ 
610 1 |a коллекция ТПУ 
675 |a 622.1:528(075.8)  |v 3 
801 1 |a RU  |b 63413507  |c 20141014 
801 2 |a RU  |b 63413507  |c 20201207  |g RCR 
942 |c BK